| 000 | 01434cam a22002891 4500 | ||
|---|---|---|---|
| 001 | hew66000157 | ||
| 003 | DLC | ||
| 005 | 20260227111515.0 | ||
| 008 | 770407s1966 dcu f000 0 eng c | ||
| 010 | _ahew66000157 | ||
| 035 | _a(OCoLC)2869496 | ||
| 040 |
_aU. S. Dept. of Health, Education, and Welfare Library _cDNIE _dOCoLC _dDLC |
||
| 043 | _an-us--- | ||
| 050 | 0 | 0 |
_aL111 _b.A72 no. 795 |
| 100 | 1 | _aSteinhilber, August W. | |
| 245 | 1 | 0 |
_aState law relating to transportation and textbooks for parochial school students and constitutional protection of religious freedom / _cby August W. Steinhilber, Carl J. Sokolowski. |
| 260 |
_aWashington : _bU.S. Dept. of Health, Education, and Welfare, Office of Education, _c1966. |
||
| 300 |
_aiii, 45 p. ; _c26 cm. |
||
| 440 | 0 |
_aCircular (United States. Office of Education) ; _vno. 795 |
|
| 500 | _a"OE-20087." | ||
| 501 |
_aCopy 1 with: Industrial arts education : a survey of programs, teachers, students, and curriculum / by Marshall L. Schmitt and Albert L. Pelley. Washington, D.C. : U.S. Dept. of Health, Education, and Welfare, Office of Education, 1966. Bound together subsequent to publication. _5DLC |
||
| 650 | 0 |
_aChurch schools _xLaw and legislation _zUnited States. |
|
| 650 | 0 |
_aSchool children _xTransportation _zUnited States _xStates. |
|
| 650 | 0 |
_aTextbooks _zUnited States. |
|
| 650 | 0 |
_aChurch and education _zUnited States. |
|
| 700 | 1 | _aSokolowski, Carl J. | |
| 999 |
_c34654 _d34654 |
||